| 000 | 01226nam a22002777a 4500 | ||
|---|---|---|---|
| 001 | 03117 | ||
| 003 | HDC | ||
| 007 | cr bn --- | ||
| 008 | 210103b20062006xxu||||| |||| 00| 0 eng d | ||
| 040 | _aHDC | ||
| 100 |
_aBoudreaux, Demas E. _eauthor _92007 |
||
| 245 | 4 |
_aThe French Council for the Muslim Faith _b: Its Implications for Representing Muslims in France _c/ Demas E. Boudreaux |
|
| 260 |
_aUnited States: _bVirginia Polytechnic Institute and State University, _c2006 |
||
| 300 | _a1 online resource (89 pages) | ||
| 336 |
_atext _2rdacontent |
||
| 337 |
_acomputer _2rdamedia |
||
| 338 |
_aonline resource _2rdacarrier |
||
| 500 |
_aOriginally presented as: Thesis (M. Arts)--Virginia Polytechnic Institute and State University, 2006 (iv, 85 pages) _aIncludes bibliographical references |
||
| 610 |
_aFrench Council for the Muslim Faith _92008 |
||
| 650 |
_aMuslims _zFrance _xSocial condition _92009 |
||
| 710 |
_aVirginia Polytechnic Institute and State University _eissuing body |
||
| 856 | _zRequest full-text at [email protected] | ||
| 942 | _2lcc | ||
| 942 | _cTHE | ||
| 942 | _kTHES 000104 | ||
| 999 |
_c503 _d503 |
||